AVR Microcontroller And Embedded Systems (Record no. 213979)
[ view plain ]
| 000 -LEADER | |
|---|---|
| fixed length control field | 00509nam a2200169Ia 4500 |
| 008 - FIXED-LENGTH DATA ELEMENTS--GENERAL INFORMATION | |
| fixed length control field | 230714s9999 xx 000 0 und d |
| 020 ## - INTERNATIONAL STANDARD BOOK NUMBER | |
| International Standard Book Number | 9790000000000 |
| 041 ## - LANGUAGE CODE | |
| Language code of text/sound track or separate title | eng |
| 082 ## - DEWEY DECIMAL CLASSIFICATION NUMBER | |
| Classification number | 004.165 |
| Item number | MAZ |
| 100 ## - MAIN ENTRY--PERSONAL NAME | |
| Personal name | Mazidi M.A. |
| 245 ## - TITLE STATEMENT | |
| Title | AVR Microcontroller And Embedded Systems |
| Remainder of title | Using Assembly And C |
| 260 ## - PUBLICATION, DISTRIBUTION, ETC. (IMPRINT) | |
| Date of publication, distribution, etc. | 2015 |
| Name of publisher, distributor, etc. | Pearson |
| 300 ## - PHYSICAL DESCRIPTION | |
| Extent | 743 |
| Accompanying material [OBSOLETE, CAN/MARC] | Ref 872 I (49555) |
| 365 ## - TRADE PRICE | |
| Currency code | Rs. |
| Price amount | 775.00 |
| 700 ## - ADDED ENTRY--PERSONAL NAME | |
| Personal name | Mazidi M.A.; Naimi S. & Naimi S. |
| 906 ## - LOCAL DATA ELEMENT F, LDF (RLIN) | |
| d | O:0418924-Sep-2014B:664022-Sep-2014 |
| c | INST |
| b | 2092.5 |
No items available.